Stable free radical assisted peroxide vulcanisation: Cure characteristics and vulcanisate properties (Record no. 51473)

MARC details
000 -LEADER
fixed length control field 00471nam a2200109Ia 4500
100 ## - MAIN ENTRY--AUTHOR NAME
Personal name George B
245 #0 - TITLE STATEMENT
Title Stable free radical assisted peroxide vulcanisation: Cure characteristics and vulcanisate properties
260 ## - PUBLICATION, DISTRIBUTION, ETC. (IMPRINT)
Name of publisher IRC 2012. International Rubber Conference, 28-31 October 2012, Kovalam, India, Rubber Research Institute of India, Kottayam and IRRDB, Malaysia, Abstracts, p.107.
700 ## - ADDED ENTRY--PERSONAL NAME
Personal name Alex R
942 ## - ADDED ENTRY ELEMENTS (KOHA)
Koha item type Bibliography STAF
Holdings
Withdrawn status Lost status Damaged status Not for loan Home library Current library Shelving location Date acquired Koha item type
      Bibliography RRII Library RRII Library Rubber technology 16/04/2013 Bibliography STAF